| 000 | 00535nam a2200193 a 4500 | ||
|---|---|---|---|
| 001 | 273 | ||
| 003 | CDMR | ||
| 005 | 20131008133718.0 | ||
| 008 | 130130s2001||||||||||||||||||||||||||||d | ||
| 020 | _a8482643576 | ||
| 040 |
_aCDMR _bcat _cCPC GIRONA |
||
| 100 | 1 |
_aBarnils, Ramon _9186 |
|
| 245 | 1 | 0 |
_aArticles _cRamon Barnils ; a cura de Carles Serrat ; pròleg de Joan de Sagarra |
| 260 |
_c2001 _bLa Magrana _aBarcelona |
||
| 300 |
_a203 p ; _c17 cm. |
||
| 490 | 0 |
_aEls Orígens _v59 |
|
| 700 | 1 |
_92961 _aSagarra, Joan de |
|
| 942 |
_cMON _2udc |
||
| 999 |
_c273 _d273 |
||